El ABC del comunismo (Record no. 167207)

MARC details
000 -LEADER
fixed length control field 00708nam a22002177a 4500
005 - DATE AND TIME OF LATEST TRANSACTION
control field 20240307143104.0
008 - FIXED-LENGTH DATA ELEMENTS--GENERAL INFORMATION
fixed length control field 230418s sp ||||gr 00| 0 spa|d
020 ## - INTERNATIONAL STANDARD BOOK NUMBER
International Standard Book Number 8473670434
050 04 - LIBRARY OF CONGRESS CALL NUMBER
Classification number HX314
Item number B85 1977
100 1# - MAIN ENTRY--PERSONAL NAME
Personal name Bujarin, Nicolás.
245 13 - TITLE STATEMENT
Title El ABC del comunismo
Statement of responsibility, etc / N. Bujarin, E. Preobrazhenski ; traducción Jesús Pérez.
250 ## - EDITION STATEMENT
Edition statement 1a ed.
260 ## - PUBLICATION, DISTRIBUTION, ETC. (IMPRINT)
Place of publication, distribution, etc Barcelona, España :
Name of publisher, distributor, etc Fontamara,
Date of publication, distribution, etc 1977
300 ## - PHYSICAL DESCRIPTION
Extent 380 p. ;
Dimensions 19 cm.
490 0# - SERIES STATEMENT
Series statement De la Naturaleza de las Cosas.
Volume number/sequential designation
504 ## - BIBLIOGRAPHY, ETC. NOTE
Bibliography, etc Incluye bibliografías
650 #7 - SUBJECT ADDED ENTRY--TOPICAL TERM
Source of heading or term lemb
Topical term or geographic name as entry element Comunismo
Geographic subdivision Unión Soviética
700 1# - ADDED ENTRY--PERSONAL NAME
Personal name Preobrazhenski, E.,
Relator term autor
700 1# - ADDED ENTRY--PERSONAL NAME
Personal name Pérez Magallón, Jesús,
Relator term traductor
942 ## - ADDED ENTRY ELEMENTS (KOHA)
Source of classification or shelving scheme Biblioteca del Cogreso de los Estados Unidos
Koha item type Libro
Holdings
Estado de pérdida Fuente de clasificación Estado del daño No para préstamo Ubicación permanente Ubicación actual Apartado o colección Fecha de adquisición Edición Dependencia de educación superior (DES) Área del conocimiento Total Checkouts Clasificación Código de Barras Date last seen Número de copia Costo por reposición Tipo de recurso
  Biblioteca del Cogreso de los Estados Unidos   Uso interno Biblioteca Biblioteca de la Facultad de Economía Biblioteca de la Facultad de Economía General 01/03/2024 1a ed. Ciencias Económico Administrativas Ciencias Sociales y Administrativas   HX314 B85 1977 BFE000002244 17/05/2023 1 1.00 Libro